[Event "29th World Junior Girls"]
[Site "Chennai IND"]
[Date "2011.08.11"]
[Round "9.20"]
[White "Shristi, J. Shetty"]
[Black "Eric, Jovana"]
[Result "1/2-1/2"]
[BlackTitle "WIM"]
[WhiteElo "1927"]
[BlackElo "2282"]
[WhiteFideId "5030030"]
[BlackFideId "938238"]
[EventDate "2011.08.02"]

1. e4 c5 2. Nf3 d6 3. d3 Nc6 4. g3 g6 5. Bg2 Bg7 6. O-O e5 7. c3 Nge7 8. a3 O-O
9. b4 b6 10. Bb2 h6 11. Qd2 g5 12. d4 g4 13. Nh4 cxd4 14. cxd4 Nxd4 15. Bxd4
exd4 16. a4 Be6 17. Na3 d5 18. Nb5 Qd7 19. exd5 Bxd5 20. Bxd5 Nxd5 21. Nxd4 Ne7
22. Rad1 Rad8 23. Nb3 Qxa4 24. Qe2 Qxb4 25. Rb1 Rfe8 26. Rfd1 Nd5 27. Qc2 Rc8
28. Qf5 Nc3 29. Rd7 Qc4 30. Nd2 Ne2+ 31. Kg2 Qc6+ 32. f3 gxf3+ 33. Nhxf3 Qe6 34.
Qxe6 Rxe6 35. Rxa7 Rc2 36. Rb7 Bc3 37. R7xb6 Bxd2 38. Rxe6 fxe6 39. Kf1 Rc1+ 40.
Rxc1 Bxc1 41. Kxe2 Kf7 42. Kd3 Kf6 43. Ke4 Ba3 44. h3 Bd6 45. g4 Bg3 46. Nd4 e5
47. Nf3 Bf4 48. Kd5 Bg3 49. Ke4 Bf4 50. Kd5 1/2-1/2

[Event "29th World Junior Girls"]
[Site "Chennai IND"]
[Date "2011.08.11"]
[Round "9.21"]
[White "Deur Saric, Zrinka"]
[Black "Salini, R"]
[Result "1/2-1/2"]
[WhiteElo "2116"]
[BlackElo "1795"]
[WhiteFideId "14512670"]
[BlackFideId "5098483"]
[EventDate "2011.08.02"]

1. e4 g6 2. d4 Bg7 3. Nc3 e6 4. h4 d5 5. Nf3 dxe4 6. Nxe4 Nf6 7. Nxf6+ Bxf6 8.
Be3 h5 9. Qd2 c5 10. O-O-O cxd4 11. Nxd4 O-O 12. Nb5 Nc6 13. Qxd8 Rxd8 14. Rxd8+
Bxd8 15. Nd6 Be7 16. Nxc8 Rxc8 17. a3 e5 18. Bd3 Nd4 19. Kb1 b6 20. g3 f5 21.
Rd1 Bf6 22. Ba6 Rc7 23. c3 Nb3 24. Bb5 Nc5 25. Rd6 Kf7 26. Rc6 Rxc6 27. Bxc6 Ke7
28. Kc2 e4 29. Bb5 Ne6 30. b4 f4 31. gxf4 Bxh4 32. Bc6 g5 33. f5 Nf4 34. Bxe4
Nh3 35. f3 Bf2 36. Bd2 Nf4 37. Kd1 h4 38. Bxf4 gxf4 39. Ke2 Be3 40. Kf1 Kf6 41.
Bd5 h3 42. Be6 Kg5 43. Bd7 Bc1 44. f6 Kxf6 45. Bxh3 Bxa3 46. Ke2 Ke5 47. Kd2 a5
48. bxa5 bxa5 49. Kc2 Kd5 50. Bf1 Bc5 51. Kb3 Bb6 52. Ka4 Kc5 53. Be2 Bc7 54.
Bf1 Bb6 55. Be2 1/2-1/2

[Event "29th World Junior Girls"]
[Site "Chennai IND"]
[Date "2011.08.11"]
[Round "9.22"]
[White "Forestier, Carole"]
[Black "Sahari, J."]
[Result "1-0"]
[WhiteElo "2101"]
[BlackElo "1911"]
[WhiteFideId "641405"]
[BlackFideId "5031591"]
[EventDate "2011.08.02"]

1. d4 Nf6 2. Nf3 e6 3. Bf4 b6 4. e3 Bb7 5. Bd3 Be7 6. O-O O-O 7. h3 c5 8. c3 d5
9. Nbd2 Nc6 10. Ne5 Bd6 11. Ndf3 Qc7 12. Rc1 Rac8 13. Bb1 Rfe8 14. Qe2 g6 15.
Nxc6 Bxc6 16. Bxd6 Qxd6 17. Ne5 Nd7 18. Ng4 f5 19. Nh2 cxd4 20. exd4 e5 21. Rfe1
Qb8 22. Qd2 Qd6 23. Bc2 Nf6 24. dxe5 Rxe5 25. Rxe5 Qxe5 26. Nf3 Qd6 27. Bb3 Ne4
28. Qd4 Qc5 29. Rd1 Qxd4 30. Rxd4 Rd8 31. Ne5 Bb7 32. g4 Kg7 33. gxf5 gxf5 34.
Nf3 Kf6 35. a3 Bc6 36. Kf1 Rd7 37. Nd2 Nxd2+ 38. Rxd2 Ke5 39. Rd4 Bb5+ 40. Ke1
Bc6 41. Ke2 Rd6 42. Rh4 h6 43. f4+ Ke6 44. Rxh6+ Ke7 45. Rxd6 Kxd6 46. Bc2 Ke6
47. Ke3 Be8 48. Bd1 Bf7 49. Kd4 Kd6 50. Bf3 Bg6 51. h4 Be8 52. h5 Bf7 53. h6 Bg6
54. Bxd5 Bh7 55. c4 a5 56. b4 axb4 57. axb4 Ke7 58. Ke5 Bg6 59. c5 bxc5 60. bxc5
Kf8 61. Kf6 1-0

[Event "29th World Junior Girls"]
[Site "Chennai IND"]
[Date "2011.08.11"]
[Round "9.23"]
[White "Savetha, C H"]
[Black "Sathya, Priya S.V."]
[Result "1/2-1/2"]
[WhiteElo "1992"]
[BlackElo "1842"]
[WhiteFideId "5042224"]
[BlackFideId "5020905"]
[EventDate "2011.08.02"]

1. e4 c5 2. Nf3 e6 3. d4 cxd4 4. Nxd4 a6 5. Bd3 Nf6 6. Qe2 d6 7. Be3 b6 8. c4
Be7 9. Nc3 Qc7 10. O-O O-O 11. Rac1 Nbd7 12. f4 Nc5 13. Bb1 Bb7 14. Qf3 Rfe8 15.
g4 g6 16. g5 Nh5 17. Qh3 Bf8 18. Rf2 e5 19. Nde2 exf4 20. Nxf4 Nxe4 21. Nxh5
gxh5 22. Qxh5 Bg7 23. Nd5 Bxd5 24. cxd5 Qb7 25. Rf4 Qxd5 26. Rh4 Nd2 27. Bxd2
Bd4+ 28. Rxd4 Qxd4+ 29. Kf1 Qxd2 30. Bxh7+ Kf8 31. Qh6+ Ke7 32. Qf6+ Kf8 33.
Qh6+ Ke7 34. Rc2 Qf4+ 35. Rf2 Qc4+ 36. Kg1 Qg4+ 37. Kh1 Qd1+ 38. Kg2 Qg4+ 39.
Kf1 Qc4+ 40. Kg2 Qg4+ 41. Kf1 Qc4+ 42. Re2+ Kd7 1/2-1/2

[Event "29th World Junior Girls"]
[Site "Chennai IND"]
[Date "2011.08.11"]
[Round "9.25"]
[White "Sithalatchumi, A"]
[Black "Lasya, G"]
[Result "1/2-1/2"]
[WhiteElo "1939"]
[BlackElo "1898"]
[WhiteFideId "5036186"]
[BlackFideId "5068800"]
[EventDate "2011.08.02"]

1. d4 d5 2. Nf3 Nf6 3. c4 c6 4. cxd5 cxd5 5. Nc3 Nc6 6. Bf4 Bf5 7. e3 Qb6 8. Bb5
a6 9. Bxc6+ bxc6 10. Qa4 Rc8 11. Qb3 Qa7 12. h3 e6 13. O-O c5 14. Qa4+ Nd7 15.
Ne5 cxd4 16. exd4 f6 17. Nxd7 Qxd7 18. Qxa6 g5 19. Be3 Rb8 20. b3 h5 21. Qa4 Bd6
22. Rfc1 h4 23. f3 Rg8 24. Qxd7+ Kxd7 25. Na4 Bf4 26. Kf2 Kd6 27. Rc3 e5 28. Rd1
Rgc8 29. Ke2 Bd7 30. Rdc1 Bb5+ 31. Kd2 Re8 32. dxe5+ fxe5 33. Bxf4 exf4 34. Kd1
Re3 35. Rxe3 fxe3 36. Nc3 d4 37. Nxb5+ Rxb5 38. Ke2 Rc5 39. Rxc5 Kxc5 40. a3 Kd5
41. Kd3 Kc5 42. Ke2 Kd5 43. Kd3 Kc5 44. Ke2 Kb5 45. Kd3 1/2-1/2

[Event "29th World Junior Girls"]
[Site "Chennai IND"]
[Date "2011.08.11"]
[Round "9.26"]
[White "Hannes, Diana"]
[Black "Mahalakshmi, M"]
[Result "1/2-1/2"]
[WhiteTitle "WFM"]
[BlackTitle "WFM"]
[WhiteElo "2188"]
[BlackElo "1901"]
[WhiteFideId "24611344"]
[BlackFideId "5001080"]
[EventDate "2011.08.02"]

1. Nf3 Nf6 2. c4 Nc6 3. d4 e6 4. d5 exd5 5. cxd5 Ne7 6. Nc3 Ng6 7. g3 Bb4 8. Qd4
Ba5 9. Bg5 Bb6 10. Qd2 d6 11. Bg2 O-O 12. O-O h6 13. Bxf6 Qxf6 14. Rac1 Re8 15.
Na4 Re7 16. a3 Bg4 17. Nxb6 axb6 18. Nd4 Rae8 19. f3 Bc8 20. Rc3 Ne5 21. e4 b5
22. Nxb5 c6 23. dxc6 bxc6 24. Nd4 d5 25. Rfc1 dxe4 26. Nxc6 Rd7 27. Qe3 Nd3 28.
Rf1 Nxb2 29. fxe4 Nd1 30. Rxf6 Nxe3 31. Rf3 Nxg2 32. Kxg2 Rd2+ 33. Rf2 Bh3+ 34.
Kf3 Bg4+ 35. Ke3 Rxf2 36. Kxf2 Rxe4 37. Re3 Rc4 38. Nb4 1/2-1/2

[Event "29th World Junior Girls"]
[Site "Chennai IND"]
[Date "2011.08.11"]
[Round "9.27"]
[White "Guo, Emma"]
[Black "Heredia Serrano, Carla"]
[Result "1/2-1/2"]
[WhiteTitle "WIM"]
[BlackTitle "WIM"]
[WhiteElo "2029"]
[BlackElo "2072"]
[WhiteFideId "3200795"]
[BlackFideId "3603687"]
[EventDate "2011.08.02"]

1. e4 c6 2. d4 d5 3. Nc3 dxe4 4. Nxe4 Nf6 5. Nxf6+ gxf6 6. c3 Qc7 7. g3 h5 8.
Nf3 Bg4 9. h3 Bf5 10. Bg2 Nd7 11. Nh4 Bg6 12. Nxg6 fxg6 13. Qb3 O-O-O 14. Qe6
Qd6 15. Qxd6 exd6 16. Be3 d5 17. Kd2 Bd6 18. Rae1 h4 19. g4 Rde8 20. Rhf1 Re7
21. Re2 Rhe8 22. Rfe1 b5 23. Kd3 g5 24. Bd2 Rxe2 25. Rxe2 Rxe2 26. Kxe2 Nf8 27.
Bf1 Ng6 28. Kf3 Nf4 29. Bxf4 Bxf4 30. b3 a5 31. a4 bxa4 32. bxa4 Kd7 1/2-1/2

[Event "29th World Junior Girls"]
[Site "Chennai IND"]
[Date "2011.08.11"]
[Round "9.28"]
[White "Narenthran, Savithri"]
[Black "Gevorgyan, Maria"]
[Result "0-1"]
[WhiteElo "1693"]
[BlackElo "2068"]
[WhiteFideId "3213250"]
[BlackFideId "13300270"]
[EventDate "2011.08.02"]

1. e4 e5 2. Nf3 Nf6 3. Nxe5 d6 4. Nf3 Nxe4 5. d4 d5 6. Bd3 Nc6 7. O-O Bg4 8. c4
Nf6 9. Nc3 Nxd4 10. Qe1+ Ne6 11. cxd5 Nxd5 12. Ne5 Bh5 13. Bb5+ Ke7 14. g4 Bg6
15. b3 c5 16. Ba3 Ndf4 17. Bxc5+ Kf6 18. Nd7+ Kg5 19. Qe5+ Kxg4 20. f3+ Kh3 21.
Nxf8 Rxf8 22. Bxf8 Qxf8 23. Ne4 f6 24. Qc3 Kh4 25. Rf2 Nh3+ 26. Kg2 Nxf2 27.
Nxf2 Rc8 28. Qe3 Qd6 29. Rd1 Nf4+ 30. Kg1 Qe5 31. Qxe5 fxe5 32. Rd7 Rc1+ 33. Bf1
a6 34. Rxb7 Nd5 35. Ng4 Bd3 36. Rf7 Rxf1+ 37. Kg2 Nf4+ 38. Rxf4 exf4 39. Ne5 Rd1
40. Nxd3 Rxd3 0-1

[Event "29th World Junior Girls"]
[Site "Chennai IND"]
[Date "2011.08.11"]
[Round "9.29"]
[White "Degrande, Marigje"]
[Black "Bala Kannamma, P"]
[Result "1-0"]
[WhiteElo "1890"]
[BlackElo "1931"]
[WhiteFideId "262757"]
[BlackFideId "5081432"]
[EventDate "2011.08.02"]

1. d4 Nf6 2. c4 e6 3. a3 Be7 4. Nc3 d5 5. e3 O-O 6. Nf3 b6 7. Bd3 dxc4 8. Bxc4
Bb7 9. O-O Nbd7 10. Qe2 Ne4 11. Bd3 Ndf6 12. Rd1 Qc8 13. Nxe4 Bxe4 14. Bd2 Qb7
15. Rac1 c5 16. Bc3 Bxf3 17. gxf3 Nd5 18. dxc5 Bxc5 19. Be5 Rad8 20. e4 Ne7 21.
Ba6 Qa8 22. b4 Ng6 23. Bxg7 Bxf2+ 24. Kxf2 Kxg7 25. Rg1 Qb8 26. Qb2+ Kg8 27. Rg3
Qf4 28. Rc2 Rd6 29. Be2 Rfd8 30. Qc1 Qh4 31. Kg1 Qf6 32. Qe3 e5 33. Qh6 Qg7 34.
Qe3 Rd4 35. h4 h5 36. Qg5 Qh8 37. Kf2 Kf8 38. Rc7 R4d7 39. Rxd7 Rxd7 40. Qf5 Rd8
41. Rxg6 1-0

[Event "29th World Junior Girls"]
[Site "Chennai IND"]
[Date "2011.08.11"]
[Round "9.30"]
[White "Madhurima, Shekhar"]
[Black "Supriya, Joshi"]
[Result "1-0"]
[WhiteElo "1854"]
[BlackElo "1829"]
[WhiteFideId "5067910"]
[BlackFideId "5063388"]
[EventDate "2011.08.02"]

1. e4 c6 2. d4 d5 3. Nc3 dxe4 4. Nxe4 Bf5 5. Ng3 Bg6 6. h4 h6 7. Nf3 Nd7 8. h5
Bh7 9. Bd3 Bxd3 10. Qxd3 e6 11. Bd2 Qc7 12. O-O-O Ngf6 13. Qe2 O-O-O 14. Ne5
Nxe5 15. dxe5 Nd5 16. f4 c5 17. Ne4 Kb8 18. Kb1 Ne7 19. Rh3 Nc6 20. c3 Be7 21.
g4 Rd5 22. Rf1 Ka8 23. Rg1 Rhd8 24. Be3 Qd7 25. Rhg3 Qc7 26. g5 hxg5 27. Nxg5
Bxg5 28. Rxg5 f6 29. Rxg7 Qa5 30. exf6 Qa4 31. Bc1 e5 32. Rg8 exf4 33. f7 Qa5
34. f8=Q 1-0

[Event "29th World Junior Girls"]
[Site "Chennai IND"]
[Date "2011.08.11"]
[Round "9.31"]
[White "Edes, Zsofia"]
[Black "Hansen, Erle Andrea Marki"]
[Result "1-0"]
[WhiteElo "2067"]
[BlackElo "1770"]
[WhiteFideId "14912368"]
[BlackFideId "1508229"]
[EventDate "2011.08.02"]

1. d4 Nf6 2. Nf3 g6 3. c4 Bg7 4. Nc3 d6 5. e4 O-O 6. Be2 Bg4 7. O-O Nfd7 8. Be3
Nc6 9. Ne1 Bxe2 10. Nxe2 Nb6 11. Qd3 e5 12. Nc2 exd4 13. Bxd4 Ne5 14. Bxe5 dxe5
15. Qb3 Qe7 16. Ne3 c6 17. a4 Rab8 18. Qc3 Rfd8 19. Qa5 Nd7 20. Rad1 Nc5 21. Ng3
b6 22. Qb4 Qg5 23. Qa3 h5 24. f3 Ne6 25. Ne2 Bh6 26. Nc2 Bf8 27. Qc3 Bc5+ 28.
Kh1 a5 29. b4 axb4 30. Nxb4 Rbc8 31. Rxd8+ Qxd8 32. Nd3 Bd4 33. Qb3 c5 34. Rd1
Qc7 35. Rb1 Rb8 36. Qb5 Ra8 37. Rb3 Ra5 38. Qe8+ Kg7 39. h3 Ra7 40. Ne1 Ra5 41.
Nd3 h4 42. Kh2 Qb7 43. Kh1 Ra8 44. Qb5 Ra5 45. Qxa5 Qe7 46. Qd2 Qa7 47. Nb2 Bxb2
48. Qxb2 Nd4 49. Nxd4 exd4 50. Rxb6 Qxa4 51. Qc1 Qa5 52. Rb5 Qa7 53. f4 Qe7 54.
Qe1 g5 55. fxg5 Qxg5 56. Qd1 d3 57. Rb3 d2 58. Rd3 1-0

[Event "29th World Junior Girls"]
[Site "Chennai IND"]
[Date "2011.08.11"]
[Round "9.32"]
[White "A, Akshaya"]
[Black "Savant, Riya"]
[Result "1/2-1/2"]
[BlackTitle "WCM"]
[WhiteElo "1966"]
[BlackElo "1743"]
[WhiteFideId "5031605"]
[BlackFideId "5067359"]
[EventDate "2011.08.02"]

1. e4 c5 2. Nf3 g6 3. d4 cxd4 4. Nxd4 Nf6 5. Nc3 Nc6 6. Be3 Bg7 7. Be2 O-O 8.
O-O d5 9. Nxc6 bxc6 10. exd5 Nxd5 11. Nxd5 cxd5 12. c3 Rb8 13. Qd2 Qa5 14. Rfd1
Bf5 15. h3 Rfd8 16. Bg4 Bxg4 17. hxg4 Rd7 18. b4 Qc7 19. Rac1 Qc4 20. f3 Rc8 21.
Bc5 Be5 22. Bd4 Bg7 23. f4 e6 24. Qf2 a6 25. g5 Rdc7 26. Bxg7 Kxg7 27. Rd4 Qb5
28. Qe3 Rc4 29. Rxc4 Qxc4 30. a4 d4 31. Qe5+ Kg8 32. b5 axb5 33. axb5 dxc3 34.
b6 Qc5+ 35. Qxc5 Rxc5 36. b7 Rb5 37. Rxc3 Rxb7 38. Kf2 Rb5 39. Kf3 Kg7 40. Rc7
e5 41. g3 exf4 42. gxf4 Rf5 43. Kg4 h5+ 44. gxh6+ Kxh6 45. Ra7 1/2-1/2

[Event "29th World Junior Girls"]
[Site "Chennai IND"]
[Date "2011.08.11"]
[Round "9.33"]
[White "Mejia Salinas, Lluvia Angelica"]
[Black "Anjana Krishna, S"]
[Result "0-1"]
[WhiteTitle "WCM"]
[WhiteElo "1889"]
[BlackElo "1830"]
[WhiteFideId "5101743"]
[BlackFideId "5046424"]
[EventDate "2011.08.02"]

1. e4 e5 2. Nf3 Nf6 3. Nxe5 d6 4. Nf3 Nxe4 5. Nc3 Nxc3 6. dxc3 Be7 7. Be3 Nc6 8.
Qd2 Be6 9. Bd3 Qd7 10. Ng5 Bxg5 11. Bxg5 f6 12. Be3 a6 13. f4 O-O-O 14. O-O Bf5
15. b4 Ne7 16. a4 Bxd3 17. Qxd3 Qf5 18. Qd2 Rde8 19. c4 Qe4 20. c5 Nc6 21. Rfe1
Qxb4 22. c3 Qc4 23. cxd6 Rd8 24. Qd1 Rxd6 25. Qg4+ Rd7 26. Rad1 Qf7 27. Rxd7
Qxd7 28. Qxd7+ Kxd7 29. Kf2 Re8 30. Rd1+ Ke6 31. Kf3 Rd8 32. Rxd8 Nxd8 33. Ke4
f5+ 34. Kd4 Kd6 35. Kc4 Ne6 36. h4 g6 37. g3 Kc6 38. Bf2 Nd8 39. Kd4 Kd6 40. Kc4
Nf7 41. Bd4 Kc6 42. Bc5 Nd6+ 43. Bxd6 cxd6 44. a5 d5+ 45. Kd4 Kd6 46. c4 dxc4
47. Kxc4 Kc6 48. Kd4 Kb5 49. h5 Kxa5 50. h6 b5 51. Ke5 b4 52. Kf6 b3 53. Kg7 b2
54. Kxh7 b1=Q 55. Kxg6 Qb6+ 56. Kg7 Qc7+ 57. Kg6 Qd6+ 58. Kg7 Qe7+ 59. Kg8 Qf6
60. h7 Qg6+ 61. Kh8 Kb5 0-1

[Event "29th World Junior Girls"]
[Site "Chennai IND"]
[Date "2011.08.11"]
[Round "9.34"]
[White "Brunello, Roberta"]
[Black "Nivedhitha, J G"]
[Result "1-0"]
[WhiteElo "2036"]
[BlackElo "1743"]
[WhiteFideId "822205"]
[BlackFideId "5033675"]
[EventDate "2011.08.02"]

1. e4 c5 2. c3 g6 3. d4 cxd4 4. cxd4 d5 5. exd5 Nf6 6. Nc3 Nxd5 7. Bb5+ Nc6 8.
Qa4 Qd6 9. Nf3 Bg7 10. Ne4 Qb4+ 11. Bd2 Qxa4 12. Bxa4 O-O 13. Bxc6 bxc6 14. Rc1
Rb8 15. b3 Bb7 16. O-O Rfd8 17. Nc5 Ba8 18. Rfe1 e6 19. Bg5 Bf6 20. Bxf6 Nxf6
21. Rc4 Nd7 22. Nxd7 Rxd7 23. Re5 Kg7 24. Ra5 Rb5 25. Ra6 c5 26. Ne5 Rxd4 27.
Rxd4 cxd4 28. f4 Rb7 29. Rd6 Rc7 30. Rxd4 Rc1+ 31. Kf2 Rc2+ 32. Ke3 Rxa2 33. Rd7
Bxg2 34. Nxf7 Bd5 35. Ng5+ Kg8 36. Nxh7 Bxb3 37. h3 Bd5 38. Ng5 Ra4 39. Nf7 Re4+
40. Kf3 Rd4+ 41. Kg3 a5 42. Ra7 a4 43. Ne5 Rb4 44. Kg4 Rb1 45. Kg5 Rb3 46. Kf6
Rxh3 47. Rd7 Be4 48. Rd8+ Kh7 49. Nf7 1-0

[Event "29th World Junior Girls"]
[Site "Chennai IND"]
[Date "2011.08.12"]
[Round "10.1"]
[White "Ozturk, Kubra"]
[Black "Cori T., Deysi"]
[Result "1/2-1/2"]
[WhiteTitle "WIM"]
[BlackTitle "WGM"]
[WhiteElo "2258"]
[BlackElo "2376"]
[WhiteFideId "6302599"]
[BlackFideId "3801934"]
[EventDate "2011.08.02"]

1. d4 e6 2. c4 b6 3. e4 Bb7 4. Bd3 Bb4+ 5. Bd2 Bxd2+ 6. Qxd2 f5 7. d5 fxe4 8.
Bxe4 Nf6 9. Bf3 exd5 10. cxd5 O-O 11. Ne2 Qe8 12. Nc3 Na6 13. O-O Nc5 14. Rfe1
Qg6 15. Ng3 Nd3 16. Re3 Nb4 17. Rd1 Na6 18. Re5 Kh8 19. h4 Rae8 20. Rg5 Qf7 21.
h5 h6 22. Rg6 Re5 23. Re1 Qe8 24. Rxe5 Qxe5 25. Qe3 Re8 26. Nf5 Qxf5 27. Rxf6
Rxe3 28. Rxf5 Re1+ 29. Kh2 Kg8 30. Ne2 d6 31. Nd4 Nc5 32. b4 Bc8 33. bxc5 Bxf5
34. cxb6 axb6 35. Nxf5 Ra1 36. Nd4 Rxa2 37. Kg3 Ra4 38. Nb5 Rc4 39. Be2 Rc5 40.
Kf4 Kf7 41. Ke4 Kf6 42. Nd4 Rc1 43. f4 Re1 44. Kd3 Rb1 45. g4 Rc1 46. Ke4 Re1
47. g5+ hxg5 48. fxg5+ Kf7 49. Kf5 Kf8 50. Ne6+ Kg8 51. Nf4 Kf7 52. g6+ Ke7 53.
Bd3 Re5+ 54. Kg4 Kf6 55. Kf3 Re8 56. Bb5 Re5 57. Bd3 Re8 58. Bb5 Re5 59. Bd3 Re8
60. Kg4 Re5 61. Ne6 Rxd5 62. h6 gxh6 63. g7 Kf7 64. Bh7 Rg5+ 65. Nxg5+ Kxg7 66.
Ne6+ Kxh7 67. Nxc7 Kg6 68. Nb5 d5 69. Nc3 h5+ 70. Kf3 Kf5 71. Nxd5 b5 72. Kg3
Ke5 73. Nb4 Kd4 74. Kh4 Kc5 75. Na6+ Kb6 1/2-1/2

[Event "29th World Junior Girls"]
[Site "Chennai IND"]
[Date "2011.08.12"]
[Round "10.3"]
[White "Bulmaga, Irina"]
[Black "Semenova, Elena"]
[Result "1-0"]
[WhiteTitle "WIM"]
[BlackTitle "WFM"]
[WhiteElo "2293"]
[BlackElo "2175"]
[WhiteFideId "13903063"]
[BlackFideId "24125148"]
[EventDate "2011.08.02"]

1. e4 e5 2. Bc4 Nf6 3. d3 Nc6 4. Nf3 Bc5 5. c3 O-O 6. O-O d5 7. exd5 Nxd5 8. Re1
Bg4 9. Nbd2 Re8 10. Ne4 Bf8 11. b4 Qd7 12. h3 Bh5 13. g4 Bg6 14. Nh4 a5 15. Nxg6
hxg6 16. b5 Nd8 17. a4 Ne6 18. Qf3 c6 19. Qg3 Nb6 20. Bxe6 Rxe6 21. Ng5 f6 22.
Nxe6 Qxe6 23. c4 Bc5 24. Be3 Bxe3 25. Qxe3 Nd7 26. bxc6 bxc6 27. Rab1 Qd6 28.
Rbd1 g5 29. d4 Qb4 30. c5 Qc4 31. Qe4 Qd5 32. Qxd5+ cxd5 33. c6 1-0

[Event "29th World Junior Girls"]
[Site "Chennai IND"]
[Date "2011.08.12"]
[Round "10.4"]
[White "Hoang, Thi Nhu Y"]
[Black "Padmini, Rout"]
[Result "1/2-1/2"]
[WhiteTitle "WIM"]
[BlackTitle "WGM"]
[WhiteElo "2204"]
[BlackElo "2348"]
[WhiteFideId "12401455"]
[BlackFideId "5029295"]
[EventDate "2011.08.02"]

1. d4 Nf6 2. Nf3 c5 3. c3 g6 4. Bf4 Bg7 5. Nbd2 cxd4 6. cxd4 O-O 7. e3 Nc6 8.
Ne5 d6 9. Nxc6 bxc6 10. Be2 Rb8 11. Nc4 Ba6 12. Rb1 Nd5 13. Bg3 f5 14. Qd2 c5
15. Rc1 cxd4 16. exd4 Kh8 17. O-O Qd7 18. Bf3 Bb7 19. Qa5 Nb6 20. Bxb7 Rxb7 21.
Qd2 h6 22. Na5 Rbb8 23. b3 Nd5 24. f3 Rbc8 25. Bf2 Rxc1 26. Rxc1 Rc8 27. Rxc8+
Qxc8 28. Nc4 Kg8 29. h3 Qc6 30. Kf1 Kf7 31. Ke1 a6 32. Ne3 Nf4 33. Bg3 Nh5 34.
Bf2 Qb5 35. Nd1 g5 36. Nc3 Qa5 37. Ne2 Qd5 38. Qd3 a5 39. Qc4 Qe6 40. Qxe6+ Kxe6
41. Kd2 Nf4 42. Nxf4+ gxf4 43. Kd3 Kd5 44. a4 Bf6 45. Be1 Bxd4 46. Bxa5 e5 47.
Be1 e4+ 48. Ke2 h5 49. g3 fxg3 50. Bxg3 Bc3 51. fxe4+ fxe4 52. Be1 Bxe1 53. Kxe1
Kc5 54. a5 Kb5 55. b4 d5 56. Kd2 d4 57. h4 d3 58. Kc3 Ka6 59. Kd2 Kb5 60. Kc3
Ka6 1/2-1/2

[Event "29th World Junior Girls"]
[Site "Chennai IND"]
[Date "2011.08.12"]
[Round "10.5"]
[White "Dogodkina, Julia"]
[Black "Kulon, Klaudia"]
[Result "1-0"]
[BlackTitle "WFM"]
[WhiteElo "2193"]
[BlackElo "2227"]
[WhiteFideId "24143375"]
[BlackFideId "1131044"]
[EventDate "2011.08.02"]

1. Nf3 Nf6 2. c4 c5 3. Nc3 Nc6 4. g3 d5 5. d4 e6 6. Bg2 dxc4 7. Ne5 Nxe5 8. dxe5
Qxd1+ 9. Nxd1 Nd7 10. f4 Rb8 11. a4 Nb6 12. Nc3 Bd7 13. e4 Bc6 14. a5 Nd7 15.
Bf1 f6 16. Bxc4 fxe5 17. Bxe6 Bd6 18. a6 Nf6 19. axb7 Nxe4 20. Nxe4 Bxe4 21. O-O
Bd3 22. Re1 c4 23. Bd5 Kd7 24. fxe5 Bb4 25. Bf4 Bxe1 26. e6+ Ke7 27. Bxb8 Rxb8
28. Rxe1 Kd6 29. e7 Bg6 30. Bf3 Be8 31. Ra1 Kxe7 32. Rxa7 Kd6 33. Ra8 Kc7 34.
Kf2 Bd7 35. Ke3 Be6 36. Kd4 Bf7 37. Bd5 1-0

[Event "29th World Junior Girls"]
[Site "Chennai IND"]
[Date "2011.08.12"]
[Round "10.8"]
[White "Savina, Anastasia"]
[Black "Lkhamsuren, Uuganbayar"]
[Result "1/2-1/2"]
[WhiteTitle "WGM"]
[BlackTitle "WFM"]
[WhiteElo "2398"]
[BlackElo "2163"]
[WhiteFideId "4196872"]
[BlackFideId "4901347"]
[EventDate "2011.08.02"]

1. d4 e6 2. c4 Nf6 3. Nc3 Bb4 4. e3 O-O 5. Ne2 d5 6. a3 Be7 7. cxd5 exd5 8. g3
a5 9. Bg2 Re8 10. O-O Na6 11. Nf4 c6 12. f3 c5 13. dxc5 Be6 14. g4 h6 15. b4
axb4 16. axb4 Nxb4 17. Rxa8 Qxa8 18. h4 Bxc5 19. g5 hxg5 20. hxg5 Nh7 21. Nfxd5
Rd8 22. f4 Qa5 23. Qa4 Qxa4 24. Nxa4 Bxd5 25. Nxc5 Bc4 26. Nxb7 Rd7 27. Nc5 Rd8
28. Nb7 Rd7 29. Nc5 Rd8 30. Nb7 1/2-1/2

[Event "29th World Junior Girls"]
[Site "Chennai IND"]
[Date "2011.08.12"]
[Round "10.11"]
[White "Kulkarni, Bhakti"]
[Black "Nandhidhaa, PV"]
[Result "1-0"]
[WhiteTitle "CM"]
[WhiteElo "2317"]
[BlackElo "2101"]
[WhiteFideId "5019516"]
[BlackFideId "5050847"]
[EventDate "2011.08.02"]

1. e4 c5 2. Nf3 e6 3. d3 d6 4. g3 g6 5. Bg2 Bg7 6. O-O Ne7 7. c3 O-O 8. Be3 Nbc6
9. Qd2 Qc7 10. Re1 Rb8 11. d4 Na5 12. Na3 b5 13. dxc5 dxc5 14. Red1 b4 15. cxb4
Rxb4 16. Rab1 Bb7 17. Rdc1 Rd8 18. Qxb4 cxb4 19. Rxc7 bxa3 20. b4 Bxe4 21. Rbc1
Nd5 22. Rc8 Nb7 23. Rxd8+ Nxd8 24. Rc8 Bf6 25. Bg5 Nb6 26. Rb8 Nd7 27. Rxd8+
Bxd8 28. Bxd8 Bb1 29. Bg5 Nb6 30. Bc1 Nc4 31. Nd2 Nxd2 32. Bxd2 Bxa2 33. Bc1 Kf8
34. Bxa3 Ke7 35. b5+ Kd7 36. Bc5 Bc4 37. Bf1 Bxf1 38. Kxf1 Kc7 39. Bxa7 1-0

[Event "29th World Junior Girls"]
[Site "Chennai IND"]
[Date "2011.08.12"]
[Round "10.12"]
[White "Fataliyeva, Ulviyya Hasil qizi"]
[Black "Olsarova, Karolina"]
[Result "1-0"]
[WhiteTitle "WFM"]
[BlackTitle "WIM"]
[WhiteElo "2107"]
[BlackElo "2282"]
[WhiteFideId "13403052"]
[BlackFideId "320242"]
[EventDate "2011.08.02"]

1. e4 e5 2. Nf3 Nc6 3. Nc3 Nf6 4. d4 exd4 5. Nxd4 Bb4 6. Nxc6 bxc6 7. Bd3 d5 8.
exd5 cxd5 9. O-O O-O 10. Bg5 c6 11. Na4 h6 12. Bh4 Rb8 13. c3 Bd6 14. Re1 Be6
15. Bc2 g5 16. Bg3 c5 17. Qd3 Re8 18. Re3 Qd7 19. Rf1 Rbd8 20. f4 Ne4 21. fxg5
hxg5 22. Bxd6 Qxd6 23. c4 f5 24. cxd5 Bc8 25. Rfe1 Ba6 26. Qd1 Qxd5 27. Qxd5+
Rxd5 28. Nc3 Rd4 29. Bxe4 fxe4 30. Nxe4 Rc8 31. Rg3 Rb4 32. Rxg5+ Kf8 33. Nxc5 1-0

[Event "29th World Junior Girls"]
[Site "Chennai IND"]
[Date "2011.08.12"]
[Round "10.14"]
[White "Vo, Thi Kim Phung"]
[Black "Romero Echeverria, Abigail"]
[Result "1-0"]
[WhiteTitle "WIM"]
[BlackTitle "WFM"]
[WhiteElo "2141"]
[BlackElo "2071"]
[WhiteFideId "12401838"]
[BlackFideId "3603806"]
[EventDate "2011.08.02"]

1. d4 Nf6 2. Nf3 g6 3. Bf4 Bg7 4. e3 O-O 5. h3 d5 6. Bd3 c5 7. c3 Nc6 8. Nbd2
Nd7 9. O-O e5 10. dxe5 Ndxe5 11. Bc2 b6 12. Nxe5 Nxe5 13. Nf3 Re8 14. Ba4 Bd7
15. Nxe5 Bxe5 16. Bxd7 Qxd7 17. Qf3 Bxf4 18. Qxf4 Re4 19. Qf3 Rae8 20. Rad1 Qe6
21. Rd2 Qe5 22. Rfd1 Rd8 23. Rd3 f5 24. g3 Qe6 25. Kg2 Kg7 26. R1d2 g5 27. Qd1
Re5 28. c4 d4 29. Qh5 h6 30. exd4 cxd4 31. Rxd4 Rxd4 32. Rxd4 g4 33. hxg4 Qc6+
34. Kh2 Re1 35. Rd5 fxg4 36. Qxg4+ Kh8 37. Rd8+ Re8 38. Qd4+ Kg8 39. Qd5+ Qxd5
40. Rxd5 1-0